NLSUI OPAC header image

Statistics for lawyers : (Record no. 214160)

MARC details
000 -LEADER
fixed length control field 02999nam a22002417a 4500
005 - DATE AND TIME OF LATEST TRANSACTION
control field 20251218081441.0
008 - FIXED-LENGTH DATA ELEMENTS--GENERAL INFORMATION
fixed length control field 251218b |||||||| |||| 00| 0 eng d
020 ## - INTERNATIONAL STANDARD BOOK NUMBER
International Standard Book Number 9781071641552 (hardback)
082 ## - DEWEY DECIMAL CLASSIFICATION NUMBER
Classification number 519.5
Item number FIN
100 ## - MAIN ENTRY--PERSONAL NAME
Personal name Finkelstein, Michael O
245 ## - TITLE STATEMENT
Title Statistics for lawyers :
Remainder of title statistics for social and behavioral science /
Statement of responsibility, etc. Michael O. Finkelstein & Bruce Levin
250 ## - EDITION STATEMENT
Edition statement 4th
Remainder of edition statement with 59 figures.
260 ## - PUBLICATION, DISTRIBUTION, ETC.
Place of publication, distribution, etc. New York ;
Name of publisher, distributor, etc. Springer,
Date of publication, distribution, etc. 2024.
300 ## - PHYSICAL DESCRIPTION
Extent xxxvii, 695 pages
Dimensions 24 cm.
365 ## - TRADE PRICE
Price amount Rs. 15014.00
440 ## - SERIES STATEMENT/ADDED ENTRY--TITLE
Title Statistics for Social and Behavioral Sciences
505 ## - FORMATTED CONTENTS NOTE
Formatted contents note • Descriptive Statistics -<br/>• How to Count -<br/>• Elements of Probability -<br/>• Some Probability Distributions -<br/>• Statistical Inference for Two Proportions -<br/>• Comparing Multiple Proportions -<br/>• Comparing Means -<br/>• Combining Evidence Across Independent Strata -<br/>• Sampling Issues -<br/>• Epidemiology -<br/>• Survival Analysis -<br/>• Nonparametric Methods -<br/>• Regression Models -<br/>• More Complex Regression Models -<br/>• Appendix I: Calculations and Comments on the Cases -<br/>• Appendix II: Tables -<br/>• Glossary of Symbols -<br/>• List of Cases -<br/>• Bibliography -<br/>• Subject Index.<br/>
520 ## - SUMMARY, ETC.
Summary, etc. This classic text, first published in 1990, is designed to introduce law students, law teachers, practitioners, and judges to the basic ideas of mathematical probability and statistics as they have been applied in the law. The fourth edition includes fourteen new sections, four inserts to the statistical text, and six new answer sections, on topics including the following: Use of prior probabilities after DNA database searches; Lipitor and diabetes; Harvard’s affirmative action practices in admissions; New York City garbage trucks; Tests of odds ratio homogeneity; Disparate impact of a pre-employment exam on minority applicants; Liraglutide and pancreatic cancer; Representative sampling; Reversals in death-penalty cases; Technology assisted review in e-discovery; Asbestos and colon cancer; Guilty pleas in the federal courts; The “financing secured” event study; and Average marginal effects.<br/>The book consists of sections of exposition followed by real-world cases and case studies in which statistical data have played a role. The reader is asked to apply the theory to the facts, to calculate results (a hand calculator is sufficient), and to explore legal issues raised by quantitative findings. The authors' calculations and comments are given in the back of the book. As with previous editions, the cases and case studies reflect a broad variety of legal subjects, including antidiscrimination, mass torts, taxation, school finance, identification evidence, preventive detention, handwriting disputes, voting, environmental protection, antitrust, sampling for insurance audits, and the death penalty.
650 ## - SUBJECT ADDED ENTRY--TOPICAL TERM
Topical term or geographic name entry element Statistics.
650 ## - SUBJECT ADDED ENTRY--TOPICAL TERM
Topical term or geographic name entry element Law - Statistical methods.
700 ## - ADDED ENTRY--PERSONAL NAME
Personal name Levin, Bruce [Author]
942 ## - ADDED ENTRY ELEMENTS (KOHA)
Source of classification or shelving scheme Dewey Decimal Classification
Koha item type BOOKs
Holdings
Withdrawn status Lost status Source of classification or shelving scheme Materials specified (bound volume or other part) Damaged status Not for loan Home library Current library Shelving location Date acquired Source of acquisition Cost, normal purchase price Total Checkouts Full call number Barcode Date last seen Price effective from Koha item type Public note
    Dewey Decimal Classification HB   Not For Loan . . REFERENCE SECTION 18.12.2025 Purchased - Segment Book 15014.00   519.5 FIN 40624 23.01.2026 18.12.2025 BOOKs Recommended by Ms. Nivedita Nadkarni